[Event "AUT-ch (Women)"]
[Site "?"]
[Date "1996.??.??"]
[Round "3"]
[White "Happala, M."]
[Black "Feichtner, M."]
[Result "1/2-1/2"]
[WhiteElo "1895"]
[BlackElo "1605"]

1.c4 e5 2.g3 Nf6 3.Bg2 Bc5 4.e3 c6 5.a3 d5 6.d4 exd4 7.exd4 Be7 8.cxd5 Nxd5
9.Nc3 Be6 10.Nge2 Na6 11.O-O O-O 12.Nf4 Nxf4 13.Bxf4 Nc7 14.Bxc7 Qxc7 15.d5 cxd5
16.Nxd5 Bxd5 17.Qxd5 Rab8 18.Rac1 Qb6 19.Qd7 Bf6 20.Rc2 Qb3 21.Re2 Rfd8 22.Rfe1 h6
23.Qf5 Bd4 24.Be4 g6 25.Qf4 Kg7 26.Bc2 Qb6 27.b4 Rbc8 28.Bb3 Qf6 29.Qe4 Rc3
30.Qb1 Rdc8 31.Qa2 Qf3 32.Bd5 Qf6 33.Bxf7 Rc1 34.Bd5 Rxe1+ 35.Rxe1 b6 36.Qe2 Rc7
37.Kg2 Bc3 38.Qe8 Qf8 39.Qxf8+ Kxf8 40.Rc1 Ke7 41.b5 Rc5 42.Bc6 Kd6 43.Rd1+ Ke5
44.f4+ Kf5 45.Kf3 Bb2 46.Be4+ Ke6 47.Bxg6 Bxa3 48.f5+ Ke5 49.Rd7 Rxb5 50.Rxa7 Bc1
51.Rc7 Rc5 52.Re7+ Kd5 53.f6 Bg5 54.Rd7+ Ke6 55.f7 Be7 56.Rb7 Rb5 57.h4 Kf6
58.h5 Bc5 59.Rb8 Rb3+ 60.Ke4 Rxg3 61.f8=Q+ Bxf8 62.Rxf8+ Kg5 63.Rf5+ Kh4
64.Rb5 Rg4+ 65.Kd3 Rg3+ 66.Kc4 Rg4+ 67.Kd5 Rg5+ 68.Kc6 Rxb5 69.Kxb5 Kg5 70.Kxb6 Kf6
71.Kc6 Kg7 72.Kd6 Kf6 73.Kd7 Kg7 74.Ke7 Kh8 75.Kf6 Kg8 76.Be4 Kh8 77.Kg6 Kg8
78.Kxh6 Kh8 79.Kg5 Kg7 80.Bf5 Kh8 81.Kf6 Kg8 82.Ke7 Kg7 83.Be6 Kh6 84.Bf7 Kg7
85.Ke8 Kh8 86.Kf8 Kh7 87.Bd5 Kh6 88.Bf3 Kh7 89.Kf7 Kh8 90.Kg6 Kg8 91.h6 Kh8
92.Be4 Kg8 93.Kg5 Kh8 94.Kh5 Kg8 95.Kg5 Kh8 96.Kf6 Kg8 97.Ke7 Kh8  1/2-1/2

[Event "AUT-ch (Women)"]
[Site "?"]
[Date "1996.??.??"]
[Round "4"]
[White "Fauland Borek, Jutta"]
[Black "Lukan, Dunja"]
[Result "1-0"]
[WhiteElo "2040"]
[BlackElo "1770"]

1.c4 e5 2.g3 g6 3.Bg2 Bg7 4.Nc3 Nc6 5.d3 d6 6.e4 Nge7 7.Nge2 f5 8.O-O O-O
9.f4 Kh8 10.Be3 Be6 11.b3 Qd7 12.Qd2 Rf7 13.d4 exd4 14.Nxd4 Rd8 15.Nxe6 Qxe6
16.Rae1 fxe4 17.Nxe4 Qd7 18.Ng5 Rff8 19.Bf2 Rf6 20.Bd5 Nf5 21.Be6 Rxe6 22.Nxe6 Re8
23.Nxg7 Kxg7 24.Rxe8 Qxe8 25.Re1 Qf7 26.g4 Nh6 27.h3 a6 28.Bd4+ Kg8 29.Bb2 Kf8
30.f5  1-0

[Event "AUT-ch (Women)"]
[Site "?"]
[Date "1996.??.??"]
[Round "8"]
[White "Fauland Borek, Jutta"]
[Black "Schwaninger, Ulrike"]
[Result "1/2-1/2"]
[WhiteElo "2110"]
[BlackElo "1790"]

1.c4 e5 2.g3 Nc6 3.Bg2 d6 4.Nc3 g6 5.d3 Bg7 6.e4 Nd4 7.Be3 Ne7 8.Qd2 Be6
9.Nge2 Nec6 10.f4 exf4 11.Nxf4 Bg4 12.h3 Bf3 13.O-O Bxg2 14.Kxg2 O-O 15.Nfd5 f5
16.Bg5 Qd7 17.exf5 gxf5 18.Rae1 Rf7 19.b4 a6 20.a4 Ne5 21.Ne2 Ne6 22.Bf4 Raf8
23.b5 c6 24.bxc6 Qxc6 25.a5 Ng6 26.Kh2 Ngxf4 27.Nexf4 Nxf4 28.gxf4 Qc5 29.Re6 Bd4
30.Rfe1 Rg7  1/2-1/2

[Event "AUT-ch (Women)"]
[Site "?"]
[Date "1996.??.??"]
[Round "9"]
[White "Kirchmayr, Elisabeth"]
[Black "Graf, Jutta"]
[Result "1-0"]
[WhiteElo "1845"]
[BlackElo "1790"]

1.c4 e5 2.g3 g6 3.Bg2 Bg7 4.Nc3 Nf6 5.Nf3 d6 6.d3 h6 7.O-O O-O 8.Ne1 Nh5
9.e4 Nc6 10.Be3 Nf6 11.a3 a5 12.h3 Kh7 13.Qd2 Ng8 14.Nd5 Nce7 15.Rc1 f5 16.f4 Nc6
17.Nf3 Rb8 18.b4 axb4 19.axb4 exf4 20.gxf4 Re8 21.exf5 Bxf5 22.b5 Nce7 23.Nxe7 Qxe7
24.Rfe1 Qd7 25.Kh2 Re7 26.Nh4 Rbe8 27.Nxf5 gxf5 28.Bxb7 Qd8 29.Bc6 Rf8 30.c5 Nf6
31.cxd6 cxd6 32.Qf2 Rg8 33.Bf3 Qd7 34.b6 Qb5 35.Red1 Nd5 36.Rb1 Qa4 37.Bxd5 Qxd1
38.Rxd1  1-0

[Event "AUT-ch95 playoff"]
[Site "?"]
[Date "1996.??.??"]
[Round "4"]
[White "Hoelzl, Franz"]
[Black "Stanec, Nikolaus"]
[Result "0-1"]
[WhiteElo "2430"]
[BlackElo "2490"]

1.c4 e5 2.g3 Nc6 3.Bg2 g6 4.Nc3 Bg7 5.e3 d6 6.Nge2 Nge7 7.d3 O-O 8.O-O Be6
9.Nd5 Qd7 10.b3 f5 11.Bb2 Nd8 12.d4 e4 13.Nxe7+ Qxe7 14.Ba3 Bf7 15.Qd2 Re8
16.Rfe1 Ne6 17.Rad1 Qd7 18.h4 Rad8 19.Rc1 c6 20.Rc2 h6 21.Bh3 Nc7 22.Nc3 g5
23.hxg5 hxg5 24.d5 Bh5 25.dxc6 bxc6 26.g4 Bg6 27.gxf5 Bxf5 28.Bg2 Be5 29.Ne2 Bg4
30.Bb2 Bf3 31.Bxe5 Rxe5 32.Ng3 Ne6 33.Qc3 g4 34.Rd2 Qe7 35.Ne2 Rf8 36.Nd4 Qh4
37.Nxe6 Rxe6  0-1

[Event "AUT-ch"]
[Site "AUT"]
[Date "1996.??.??"]
[Round "7"]
[White "Titz, Heimo"]
[Black "Havlicek, Josef"]
[Result "1/2-1/2"]
[WhiteElo "2325"]
[BlackElo "2245"]

1.c4 e5 2.g3 g6 3.Bg2 Bg7 4.Nc3 Nf6 5.Nf3 Nc6 6.O-O O-O 7.d4 d6 8.d5 Ne7
9.e4 Nh5 10.Ne1 Bd7 11.Nd3 f5 12.exf5 Bxf5 13.Ne4 Bxe4 14.Bxe4 Nf6 15.Bg2 Qd7
16.Bd2 Rae8 17.Bc3 Nf5 18.Re1 Nd4 19.Bxd4 exd4 20.Nf4 Rxe1+ 21.Qxe1 Re8 22.Qd2 Ne4
23.Bxe4 Rxe4 24.Re1 Qf5 25.Rxe4 Qxe4 26.Qd3 Qxd3 27.Nxd3 c5 28.dxc6 bxc6
29.f4 a5 30.b3 c5 31.Kf2 Kf7 32.Kf3 Ke6 33.Ke4 h5 34.h3 Bf6 35.g4 hxg4 36.hxg4 Be7
37.a4 Bf8 38.Ne1 Be7 39.Nf3 Bd8 40.g5 Be7 41.Nh4 Kf7 42.Kd5 Bf8 43.Ke4 Be7
44.f5 Bxg5 45.fxg6+ Kg7 46.Nf5+ Kxg6 47.Nxd6 Bd2  1/2-1/2

[Event "AUT-ch"]
[Site "AUT"]
[Date "1996.??.??"]
[Round "7"]
[White "Humer, Wolfgang"]
[Black "Baumegger, Siegfried"]
[Result "0-1"]
[WhiteElo "2280"]
[BlackElo "2310"]

1.g3 e5 2.c4 Nc6 3.Bg2 f5 4.Nc3 Nf6 5.e3 g6 6.d4 d6 7.Nge2 Bg7 8.b4 O-O 9.Qb3 Kh8
10.O-O Qe8 11.Nd5 Qf7 12.Nxf6 Bxf6 13.Bb2 Ne7 14.dxe5 dxe5 15.Nc3 c6 16.c5 Qxb3
17.axb3 Be6 18.Rfd1 a6 19.b5 axb5 20.Rxa8 Rxa8 21.Rd6 b4 22.Rxe6 bxc3 23.Bxc3 Ng8
24.Bf1 Kg7 25.Bc4 e4 26.Bxf6+ Nxf6 27.Re7+ Kh6 28.h3 Rb8 29.Kf1 b6 30.Rc7 bxc5
31.Rxc6 Nd7 32.Be6 Ne5 33.Rxc5 Nf3 34.Ke2 Ra8 35.Kd1 Ng5 36.Bd5 Ra1+ 37.Kc2 Nxh3
38.b4 Nxf2 39.b5 Nd3 40.Rc4 Ra5 41.Bc6 Kg5 42.b6 Ra6 43.b7 Rb6  0-1

[Event "Balatonbereny IM-B"]
[Site "Balatonbereny"]
[Date "1996.??.??"]
[Round "1"]
[White "Gross, Stefan"]
[Black "Petran, Pal"]
[Result "0-1"]
[WhiteElo "2290"]
[BlackElo "2440"]

1.c4 e5 2.g3 Nf6 3.Bg2 Nc6 4.Nf3 g6 5.d4 exd4 6.Nxd4 Bg7 7.Nc3 O-O 8.O-O Ng4
9.Nxc6 dxc6 10.Bf4 Be6 11.Qa4 Qe7 12.Rac1 g5 13.Bd2 f5 14.Nd1 f4 15.Bb4 c5
16.Bc3 c6 17.Qa3 Ne5 18.b3 Bg4 19.Qb2 Rae8 20.f3 Bf5 21.g4 Bg6 22.Nf2 b5
23.cxb5 cxb5 24.b4 Nc4 25.Qb3 Bxc3 26.Rxc3 cxb4 27.Rcc1 a5 28.a4 Qe3 29.Qd1 Rd8
30.Qe1 Rd2 31.axb5 Nb2 32.Rc6 Rxe2 33.Qa1 Rxf2 34.Rxf2 Nd3 35.Rc2 Nxf2 36.Rxf2 Rc8
37.Bf1 Rc2 38.Bc4+ Rxc4 39.Qf6 Rc2  0-1

[Event "Regionalliga NO9596"]
[Site "Bayern"]
[Date "1996.??.??"]
[Round "?"]
[White "Willim, Michael"]
[Black "Kordts, Wolfgang"]
[Result "1/2-1/2"]
[WhiteElo "1970"]
[BlackElo "2020"]

1.c4 e5 2.g3 g6 3.Bg2 Bg7 4.Nc3 Ne7 5.e3 h5 6.h4 Nbc6 7.Nge2 d6 8.Rb1 Bf5
9.d3 a5 10.a3 O-O 11.b4 axb4 12.axb4 Qd7 13.b5 Nd8 14.e4 Bg4 15.Nd5 b6 16.Be3 Nb7
17.f3 Be6 18.Ra1 Nc5 19.Bxc5 dxc5 20.Nxe7+ Qxe7 21.Nc3 Qd7 22.Nd5 Bxd5 23.exd5 e4
24.Rxa8 Rxa8 25.O-O Bd4+ 26.Kh2 exd3 27.Qxd3 Ra2 28.Re1 Qd6 29.f4 Qd7 30.Re2 Rxe2
31.Qxe2 Kf8  1/2-1/2

[Event "Regionalliga NO9596"]
[Site "Bayern"]
[Date "1996.??.??"]
[Round "?"]
[White "Niessen, Helga"]
[Black "Brohm, Josef"]
[Result "1-0"]
[WhiteElo "1930"]
[BlackElo "1820"]

1.c4 e5 2.g3 Nf6 3.Bg2 Nc6 4.Nc3 d6 5.d3 Bd7 6.Rb1 Rb8 7.b4 a6 8.b5 Nd4 9.e3 Ne6
10.Ba3 c5 11.bxc6 Bxc6 12.Bxc6+ bxc6 13.Rxb8 Qxb8 14.Qa4 Qc8 15.Nf3 Nd7 16.O-O Be7
17.Ne4 c5 18.Nc3 O-O 19.Nd5 Bd8 20.Rb1 f5 21.Qb3 Nf6 22.Qb7 Qxb7 23.Nxf6+ Rxf6
24.Rxb7 Rf7 25.Rb8 Rd7 26.Bb2 Kf7 27.Bc3 h6 28.Ra8 Nc7 29.Ra7 Ke6 30.Ba5 g5
31.Nd2 Ne8 32.Rxa6 Bxa5 33.Rxa5 Rb7 34.Nb3 Nc7 35.Kf1 f4 36.Ke2 Kf5 37.h3 Ne6
38.Ra6 Rd7 39.g4+ Kg6 40.Nd2 Kf7 41.Ne4 Ke7 42.Nc3 Nc7 43.Ra7 Ne6 44.Nd5+  1-0

[Event "Regionalliga NO9596"]
[Site "Bayern"]
[Date "1996.??.??"]
[Round "?"]
[White "Niessen, Helga"]
[Black "Muehlbauer, Franz"]
[Result "0-1"]
[WhiteElo "1930"]
[BlackElo "1985"]

1.c4 e5 2.g3 Nf6 3.Bg2 c6 4.d3 Bb4+ 5.Bd2 Bxd2+ 6.Nxd2 O-O 7.e4 d5 8.Ne2 Be6
9.cxd5 cxd5 10.O-O Nc6 11.exd5 Bxd5 12.Ne4 Nxe4 13.dxe4 Bc4 14.Re1 Qb6 15.Qa4 Bb5
16.Qb3 Bxe2 17.Qxb6 axb6 18.Rxe2 Nd4 19.Rd2 Nb3 20.axb3 Rxa1+ 21.Bf1 g6 22.Kg2 Raa8
23.Rd7 Rfd8 24.Re7 Re8 25.Rxb7 Rab8 26.Rd7 Kf8 27.Bc4 Re7 28.Rd6 Rc7 29.Rd5 f6
30.Rd6 Kg7 31.Rd5 Rbb7 32.Rd6 Rd7 33.Re6 Re7 34.Rd6 Red7 35.Re6 b5 36.Bd5 Rb8
37.g4 g5 38.Rc6 Ra7 39.h3 Rd7 40.Rc5 Ra7 41.Rc6 Rd7 42.Kf3 Rbb7 43.Rc8 Rb6
44.Kg2 h6 45.Rg8+ Kh7 46.Rc8 Ra7 47.Rc5 Kg7 48.Rc8 b4 49.Rg8+ Kh7 50.Rc8 Rd7
51.Bg8+ Kg6 52.Bd5 h5 53.Rg8+ Kh6 54.Rh8+ Rh7 55.Rc8 hxg4 56.hxg4 Ra7 57.Rh8+ Kg7
58.Rg8+ Kh7 59.Rc8 Ra2 60.Rc2 Kg7 61.Kg3 Kf8 62.Kg2 Ke7 63.Rd2 Ra1 64.Bc4 Rd6
65.Bd5 Rb1 66.Rc2 Ra6 67.Rc7+ Kd8 68.Rc2 Kd7 69.Kg3 Rg1+ 70.Kf3 Rb1 71.Kg2 Ke7  0-1

[Event "Regionalliga NO9697"]
[Site "Bayern"]
[Date "1996.??.??"]
[Round "?"]
[White "Muehlbauer, Franz"]
[Black "Kordts, Wolfgang"]
[Result "0-1"]
[WhiteElo "2075"]
[BlackElo "2040"]

1.c4 e5 2.g3 d6 3.Bg2 g6 4.Nc3 Bg7 5.Nf3 Ne7 6.d4 exd4 7.Nxd4 Nbc6 8.Nxc6 Nxc6
9.O-O O-O 10.Bd2 Be6 11.b3 Qd7 12.Re1 Bh3 13.Bh1 Rae8 14.Rc1 Ne5 15.Nd5 Bg4
16.Bh6 f5 17.Bxg7 Qxg7 18.Nf4 Rf6 19.Qd5+ Kh8 20.Qxb7 g5 21.Nd5 Rf7 22.Nc3 f4
23.Qd5 fxg3 24.hxg3 Be6 25.Qd2 Qh6 26.Ne4 Ng4 27.Qd4+ Kg8 28.Bf3 Qh2+ 29.Kf1 Ne3+  0-1

[Event "Oberliga Bayern9697"]
[Site "Bayern"]
[Date "1996.??.??"]
[Round "?"]
[White "Mandl, Robert"]
[Black "Arbakov, Valentin"]
[Result "0-1"]
[WhiteElo "2410"]
[BlackElo "2510"]

1.c4 e5 2.g3 Nc6 3.Bg2 f5 4.Nc3 Nf6 5.d3 Bb4 6.Bd2 O-O 7.Nf3 d6 8.O-O a5
9.Nd5 Bxd2 10.Nxd2 Bd7 11.a3 Kh8 12.e3 Nxd5 13.cxd5 Ne7 14.b4 c6 15.dxc6 Bxc6
16.Nf3 h6 17.Qb3 Qe8 18.Rfc1 Bd5 19.Qb2 Qh5 20.Qe2 axb4 21.axb4 Qg4 22.b5 Rxa1
23.Rxa1 Qb4 24.d4 e4 25.Nd2 Rc8 26.Rb1 Qc3 27.g4 Qc2 28.Qd1 Ba2 29.Ra1 Qxd1+
30.Rxd1 g6 31.f3 d5 32.Kf2 Rc2 33.h4 Kg7 34.h5 Rb2 35.Kg3 g5 36.f4 Kf6 37.fxg5+ Kxg5
38.Bh3 Rxb5 39.gxf5 Nxf5+ 40.Bxf5 Kxf5 41.Rf1+ Kg5 42.Rf8 Kxh5 43.Nf1 Kg6
44.Kf4 Rb2 45.Ke5 Kg7 46.Ra8 Rg2 47.Ng3 Rxg3 48.Rxa2 Rg5+ 49.Ke6 h5 50.Rh2 Kg6
51.Rh1 b5 52.Rh2 b4 53.Rh1 b3 54.Rh2 Kg7 55.Kd6 Kf6 56.Rf2+ Rf5 57.Rh2 Kg5
58.Ke6 Kg4 59.Rg2+ Kf3 60.Rg1 Kf2 61.Rb1 Rg5 62.Kf6 Rg8 63.Rxb3 h4 64.Rb5 h3
65.Rxd5 Rh8  0-1

[Event "Bern op"]
[Site "Bern"]
[Date "1996.??.??"]
[Round "6"]
[White "Tukmakov, Vladimir B"]
[Black "Polak, Tomas"]
[Result "1-0"]
[WhiteElo "2595"]
[BlackElo "2440"]

1.c4 e5 2.g3 Nc6 3.Bg2 Nf6 4.Nc3 Bc5 5.e3 d6 6.Nge2 a6 7.a3 Ba7 8.b4 Bf5
9.d3 Qd7 10.h3 O-O 11.Bb2 Rfe8 12.g4 Bg6 13.Ng3 h6 14.O-O Rab8 15.Rc1 Ne7
16.Kh2 c6 17.Nce2 Rbd8 18.d4 Bb8 19.d5 cxd5 20.cxd5 h5 21.g5 Nh7 22.Nc3 Nxg5
23.Nxh5 Bf5 24.f4 exf4 25.exf4 Nh7 26.Ne2 f6 27.Nd4 Ba7 28.Ne6 Bxe6 29.dxe6 Qxe6
30.Rc7 d5 31.Re1 Qd6 32.Rxb7 Bb8 33.Qg4 Ng5 34.h4  1-0

[Event "Biel op MTO"]
[Site "Biel"]
[Date "1996.??.??"]
[Round "11"]
[White "Markowski, Tomasz"]
[Black "Arapovic, Vitomir"]
[Result "1-0"]
[WhiteElo "2540"]
[BlackElo "2420"]

1.g3 e5 2.c4 Nc6 3.Bg2 g6 4.Nc3 Bg7 5.d3 f5 6.e3 Nf6 7.Nge2 O-O 8.O-O d6
9.b3 Be6 10.Bb2 Rb8 11.d4 Bf7 12.dxe5 Nxe5 13.Qc2 a6 14.Rfd1 Ned7 15.Rac1 Re8
16.Ba3 Bf8 17.Nd5 c6 18.Nxf6+ Nxf6 19.Bxd6 Bxd6 20.c5 Bd5 21.cxd6 Re6 22.Nf4 Rxd6
23.Nxd5 cxd5 24.Qc7 Qxc7 25.Rxc7 b5 26.Rdc1 Rbd8 27.Ra7 R8d7 28.Rxd7 Nxd7
29.Rc6 Rxc6 30.Bxd5+ Kf8 31.Bxc6 Ne5 32.Bb7 a5 33.Kf1 Ke7 34.Ke2 b4 35.e4 fxe4
36.Bxe4 Kd6 37.f4 Nd7 38.Ke3 Nc5 39.Bc2 Kd5 40.h4 Nd7 41.Be4+ Kd6 42.g4 Nc5
43.Bc2 Kd5 44.g5 Ne6 45.Be4+ Kc5 46.f5 Nf8 47.f6 Nd7 48.Bd3 Nf8 49.Ke4  1-0

[Event "Budapest FS11 GM"]
[Site "Budapest"]
[Date "1996.??.??"]
[Round "1"]
[White "Csom, Istvan"]
[Black "Fogarasi, Tibor"]
[Result "1/2-1/2"]
[WhiteElo "2460"]
[BlackElo "2505"]

1.c4 e5 2.g3 Nc6 3.Bg2 g6 4.Nc3 Bg7 5.d3 d6 6.e3 Nf6 7.Nge2 O-O 8.O-O Be6
9.Nd5 Qd7 10.e4 Ne8 11.Be3 f5 12.Qd2 Nd4 13.Bxd4 exd4 14.Ndf4 fxe4 15.Nxe6 Qxe6
16.Bxe4 c6 17.Rae1 Qd7 18.Bg2 Nc7 19.h4 d5 20.Qc2 dxc4  1/2-1/2

[Event "Budapest FS04 GM"]
[Site "Budapest"]
[Date "1996.??.??"]
[Round "1"]
[White "Kolbus, Dietmar"]
[Black "Rowson, Jonathan"]
[Result "1-0"]
[WhiteElo "2325"]
[BlackElo "2415"]

1.c4 e5 2.g3 Nc6 3.Bg2 g6 4.Nc3 Bg7 5.Rb1 Nf6 6.b4 O-O 7.b5 Ne7 8.Nf3 d5
9.Nxe5 Ne4 10.Nxd5 Bf5 11.Nd3 Nxd5 12.cxd5 Nxf2 13.Kxf2 Bd4+ 14.e3 Bxd3 15.Rb3 Qf6+
16.Bf3 Be4 17.exd4 Qxd4+ 18.Re3 f5 19.Bxe4 f4 20.gxf4 Rxf4+ 21.Kg2 Raf8 22.Qe2 Qf6
23.Rf3 Qg5+ 24.Rg3 Rf2+ 25.Qxf2 Rxf2+ 26.Kxf2 Qf4+ 27.Bf3 Qc4 28.a3 Qxb5
29.Re1 Kf7 30.Rg4 h5 31.Rf4+ Kg8 32.Rb4 Qc5+ 33.Kg2 b6 34.Bb2 g5 35.Re8+  1-0

[Event "EUCup f"]
[Site "Budapest"]
[Date "1996.??.??"]
[Round "1"]
[White "Lobron, Eric"]
[Black "Huzman, Alexander"]
[Result "1/2-1/2"]
[WhiteElo "2585"]
[BlackElo "2575"]

1.c4 e5 2.g3 Nf6 3.Bg2 c6 4.d4 Bb4+ 5.Bd2 Bxd2+ 6.Qxd2 d6 7.Nc3 O-O 8.e3 Be6
9.b3 exd4 10.exd4 d5 11.c5 Re8 12.Nge2 Qc8 13.O-O Bh3 14.f3 Bxg2 15.Kxg2 b6
16.cxb6 axb6 17.Nf4 Nbd7 18.a4 Nf8 19.Rfe1 Qa6 20.Rxe8 Rxe8 21.Rc1 Ne6 22.Nce2 Nd8
23.g4 Qa5 24.Qxa5 bxa5 25.Kf2 Nd7 26.Nd3 Nb8 27.Nc5 Re7 28.Nf4 Ra7 29.h4 Kf8
30.h5 h6 31.Nfd3 Na6 32.Nxa6 Rxa6 33.Nc5 Ra7 34.Ke3 Ke7 35.Kd2 Kd6 36.Kc3 Ne6
37.Nd3 Rb7 38.Rd1 c5 39.dxc5+ Nxc5 40.Nxc5 Kxc5 41.Rc1 Re7 42.b4+ axb4+ 43.Kb3+ Kb6
44.Kxb4 Re3 45.a5+ Kb7 46.Rc5 Rxf3 47.Rxd5 Rf4+ 48.Kb5 Rxg4 49.Rd7+ Kb8 50.Rxf7 g6
51.Rf8+ Ka7  1/2-1/2

[Event "Budapest FS09 GM"]
[Site "Budapest"]
[Date "1996.??.??"]
[Round "1"]
[White "Almasi, Istvan"]
[Black "Sukharisingh, Ralf"]
[Result "1/2-1/2"]
[WhiteElo "2425"]
[BlackElo "2400"]

1.c4 e5 2.g3 Nc6 3.Bg2 g6 4.Nc3 Bg7 5.e3 d6 6.Nge2 h5 7.h4 Bg4 8.Nd5 Nge7
9.Nxe7 Qxe7 10.Qb3 Nd8 11.Nc3 c6 12.d3 O-O 13.O-O Ne6 14.Qc2 a5 15.Bd2 Nc5
16.Rae1 Qd7 17.Ne4 Bf5 18.Bc3 Nxe4 19.dxe4  1/2-1/2

[Event "Budapest FS04 GM"]
[Site "Budapest"]
[Date "1996.??.??"]
[Round "5"]
[White "Kolbus, Dietmar"]
[Black "Videki, Sandor"]
[Result "0-1"]
[WhiteElo "2325"]
[BlackElo "2460"]

1.c4 e5 2.g3 c6 3.d4 Bb4+ 4.Bd2 Bxd2+ 5.Qxd2 d6 6.Nc3 Nf6 7.Bg2 O-O 8.e4 Qe7
9.Nge2 a6 10.d5 cxd5 11.cxd5 Nbd7 12.O-O b5 13.Rfc1 Bb7 14.Nd1 Nc5 15.f3 a5
16.Nf2 Nfd7 17.Nd3 Nxd3 18.Qxd3 Nc5 19.Qe3 b4 20.Rd1 f5 21.exf5 Qf7 22.g4 Bxd5
23.Nc1 Ra6 24.b3 Kh8 25.Nd3 Rc8 26.Nxc5 Rxc5 27.Rd3 h6 28.Rad1 a4 29.f6 axb3
30.fxg7+ Kxg7 31.axb3 Raa5 32.R1d2 Ra1+ 33.Kf2 Rb1 34.Qxc5 dxc5 35.Rxd5 Rb2
36.Rxb2 Qxd5 37.Ke2 c4 38.Rd2 Qb5 39.bxc4 Qxc4+ 40.Ke1 Qc1+ 41.Ke2 b3 42.f4 exf4
43.Be4 Qg1 44.Bf5 Qe3+ 45.Kd1 f3 46.Rd7+ Kf8 47.Rd8+ Ke7 48.Rd7+ Ke8 49.Rd6 Qg1+  0-1

[Event "Budapest FS08 GM"]
[Site "Budapest"]
[Date "1996.??.??"]
[Round "8"]
[White "Csom, Istvan"]
[Black "Miltner, Arndt"]
[Result "1/2-1/2"]
[WhiteElo "2460"]
[BlackElo "2330"]

1.c4 e5 2.g3 d6 3.Bg2 c6 4.d4 exd4 5.Qxd4 Nf6 6.Nc3 Na6 7.Bg5 Be7 8.Nf3 Be6
9.O-O O-O 10.b3 d5 11.cxd5 Nxd5 12.Bxe7 Qxe7 13.Rfd1 Rfd8 14.Nxd5 Rxd5 15.Qe3 Nb4
16.Rxd5 Nxd5 17.Qe5 f6 18.Qb2 c5  1/2-1/2

[Event "Calcutta op"]
[Site "Calcutta"]
[Date "1996.??.??"]
[Round "3"]
[White "Koshy, Varugeese"]
[Black "Anilkumar, N R."]
[Result "1/2-1/2"]
[WhiteElo "2410"]
[BlackElo "2325"]

1.c4 e5 2.g3 Nf6 3.Bg2 c6 4.d4 d6 5.dxe5 dxe5 6.Qxd8+ Kxd8 7.Nf3 Nfd7 8.O-O f6
9.Nc3 a5 10.b3 Na6 11.Rd1 Kc7 12.Bh3 Bb4 13.Ne4 Ndc5 14.Bxc8 Rhxc8 15.Nxc5  1/2-1/2

[Event "Calcutta op"]
[Site "Calcutta"]
[Date "1996.??.??"]
[Round "5"]
[White "Koshy, Varugeese"]
[Black "Sharma, Dinesh K"]
[Result "0-1"]
[WhiteElo "2410"]
[BlackElo "2260"]

1.c4 e5 2.g3 d6 3.Bg2 g6 4.Nc3 Bg7 5.e3 f5 6.Nge2 Nf6 7.b3 O-O 8.O-O c6 9.d4 Qc7
10.Ba3 Re8 11.Qd2 e4 12.f3 exf3 13.Bxf3 Qe7 14.Rae1 Nbd7 15.e4 Nxe4 16.Nxe4 fxe4
17.Nc3 e3 18.Qd3 Nf6 19.Bc1 Bh6 20.Bg2 Bf5  0-1

[Event "Calcutta op"]
[Site "Calcutta"]
[Date "1996.??.??"]
[Round "7"]
[White "Koshy, Varugeese"]
[Black "Bakre, Tejas"]
[Result "1/2-1/2"]
[WhiteElo "2410"]
[BlackElo "2170"]

1.c4 e5 2.g3 Nf6 3.Bg2 c6 4.d4 Bb4+ 5.Nc3 Qa5 6.dxe5 Bxc3+ 7.bxc3 Qxc3+ 8.Bd2 Qxe5
9.Nf3 Qe7 10.O-O O-O 11.Qb3 Na6 12.Nd4 Nc5 13.Qa3 d6 14.f3 Qe5 15.e3 Bd7
16.Rfe1 Rfe8 17.Rad1 Na6 18.Nb3 d5 19.Na5 Qc7 20.cxd5 Nxd5 21.e4 Nb6 22.Bf4 Qc8
23.h4 Nc7 24.h5 Ne6 25.Bd6 h6 26.f4 Nc7 27.Bc5 Bg4 28.Rb1 Nb5 29.Qb4 Nd7
30.Bf2 b6 31.Nxc6 Qxc6 32.e5 Bf3 33.Bxf3 Qxf3 34.Qxb5 Nc5 35.Qe2 Qc6 36.Qb5 Qf3
37.Qe2 Qc6 38.Rbc1 Rad8 39.Rc2 Qd5 40.Bxc5 bxc5 41.Rec1 Qd4+ 42.Qf2 Rd5 43.Rxc5 Qxf2+
44.Kxf2 Rd2+ 45.Kf3 Rxa2 46.Rc8 Kf8 47.Rxe8+ Kxe8 48.Rc8+ Ke7 49.Rg8 Ra3+
50.Kg4 Ra6 51.Kf5 Rb6 52.Rxg7 Kf8 53.Rg4 a5 54.Rh4 a4 55.Rh2 a3 56.Ra2 Ra6
57.g4 Kg7 58.g5 hxg5 59.fxg5 Kh7 60.e6 fxe6+ 61.Kf6 e5+ 62.Kxe5 Ra5+  1/2-1/2

[Event "Calcutta op"]
[Site "Calcutta"]
[Date "1996.??.??"]
[Round "9"]
[White "Koshy, Varugeese"]
[Black "Dhar, Saheli"]
[Result "1/2-1/2"]
[WhiteElo "2410"]
[BlackElo "2205"]

1.g3 e5 2.c4 Nc6 3.Bg2 g6 4.Nc3 Bg7 5.e4 d6 6.Nge2 Nge7 7.O-O Be6 8.d3 O-O
9.Nd5 Qd7 10.Be3 f5 11.Rb1 Rf7 12.b4 Raf8 13.b5 Nd8 14.Qd2 Nc8  1/2-1/2

[Event "Doeberl Cup"]
[Site "Canberra"]
[Date "1996.??.??"]
[Round "4"]
[White "Johansen, Darryl K"]
[Black "Allen, Andrew"]
[Result "1-0"]
[WhiteElo "2510"]
[BlackElo "2205"]

1.c4 e5 2.g3 Nc6 3.Bg2 Nf6 4.Nc3 Bb4 5.Nd5 Bc5 6.a3 a6 7.e3 O-O 8.Ne2 d6
9.O-O Nxd5 10.cxd5 Ne7 11.d4 Bb6 12.b3 Bg4 13.dxe5 dxe5 14.Bb2 f6 15.h3 Bh5
16.g4 Bf7 17.Nc3 Qd7 18.Qe2 Nc8 19.Rfd1 Nd6 20.Rac1 Rfc8 21.Na4 Qe7 22.Nxb6 cxb6
23.a4 Qd7 24.Qd2 Bg6 25.Ba3 a5 26.f3 h5 27.e4 Qd8 28.Bf1 Be8 29.Rxc8 Rxc8
30.Rc1 Rxc1 31.Qxc1 hxg4 32.hxg4 g5 33.Kg2 Nf7 34.Qc2 Kg7 35.b4 axb4 36.Bxb4 Nd6
37.Qb3 Qc7 38.Ba3 Kf7 39.Kg3 Bd7 40.Qb4 Ke7 41.Be2 Be8 42.Bd1 Bd7 43.Qb2 Kf7
44.Bb4 Be8 45.Bb3 Bd7 46.Ba2 Be8 47.Bb3 Bd7 48.Qa1 Be8 49.Bd1 Bd7 50.Qb2 Be8
51.Qb3 Bd7 52.Be2 Be8 53.Bd2 Kg7 54.Be3 Nc8 55.Qb4 Bd7 56.Bc4 Be8 57.Bb3 Bd7
58.Qd2 Kg6 59.Qb4 Kg7 60.d6 Qxd6 61.Qc4 Qf8 62.Qc7 Qe7 63.Qxb7 Qd6 64.Bd5 Kg6
65.Bf2 Ne7 66.Bb3 Nc8 67.Qa6 Qc6 68.Qf1 Qc3 69.Qd1 Qc6 70.Qd2 Ne7 71.Qb4 Nc8
72.Qf8 Be6 73.Bd5 Qd7 74.Be3 Ne7 75.Bxe6 Qxe6  1-0

[Event "Cannes Martinez op"]
[Site "Cannes"]
[Date "1996.??.??"]
[Round "1"]
[White "Dorfman, Josif D"]
[Black "Fiol, Fabrice"]
[Result "1-0"]
[WhiteElo "2590"]
[BlackElo "2190"]

1.c4 e5 2.g3 Nc6 3.Bg2 g6 4.Nc3 Bg7 5.Rb1 f5 6.b4 Nf6 7.b5 Ne7 8.Qb3 d6 9.d3 h6
10.f4 exf4 11.gxf4 O-O 12.Nf3 Kh7 13.O-O Neg8 14.Kh1 Re8 15.e4 Nh5 16.Qc2 Ngf6
17.Bd2 Ng4 18.Rbe1 Be6 19.Ne2 c6 20.bxc6 bxc6 21.h3 Rb8 22.e5 dxe5 23.hxg4 fxg4
24.Nxe5 Bxe5 25.fxe5 Qh4+ 26.Kg1 g3 27.Nxg3 Qxg3 28.Re3 Qh4 29.Ref3 Bf5 30.Bc3 Rbd8
31.Qf2 Qxf2+ 32.R1xf2 Bxd3 33.Rf7+ Kg8 34.Bxc6 Rf8 35.e6 Bf5 36.Rxf8+ Kxf8
37.Bb4+ Kg7 38.e7 Rd1+ 39.Rf1 Rxf1+ 40.Kxf1 Nf6 41.Bc3  1-0

[Event "Cannes Martinez op"]
[Site "Cannes"]
[Date "1996.??.??"]
[Round "3"]
[White "Dorfman, Josif D"]
[Black "Nedev, Trajce"]
[Result "1-0"]
[WhiteElo "2590"]
[BlackElo "2415"]

1.g3 e5 2.c4 Nf6 3.Bg2 Nc6 4.Nc3 Bb4 5.Nd5 Bc5 6.e3 O-O 7.Ne2 Nxd5 8.cxd5 Ne7
9.O-O d6 10.d4 Bb6 11.dxe5 dxe5 12.Nc3 c6 13.dxc6 Nxc6 14.Nd5 Be6 15.b3 Bd4
16.exd4 Bxd5 17.dxe5 Bxg2 18.Qxd8 Rfxd8 19.Kxg2 Nxe5 20.Be3 f6 21.Rfd1 Nc6
22.g4 Kf7 23.Kg3 Ke6 24.h3 g6 25.Kf3 a5 26.a4 Rac8 27.Ke2 h5 28.gxh5 gxh5
29.Bb6 Rxd1 30.Rxd1 Rg8 31.Be3 Re8 32.Rg1 Kf7 33.Rc1 Re5 34.Rc4 Ke6 35.Kd2 Rd5+
36.Kc3 Kd6 37.Rf4 Ke6 38.Re4+ Kf7 39.Rh4 Ke6 40.Re4+ Kd7 41.Kc4 Rf5 42.Rf4 Ne7
43.Rxf5 Nxf5 44.Bb6 Nh4 45.Kd3 Nf3 46.Ke3 Ng5 47.h4 Ne6 48.Ke4 Kc6 49.Bxa5 Nc5+
50.Kf5 Nxb3 51.Bc3 Nc5 52.a5 Kd5 53.f3 Nd3 54.Kxf6 Nf4 55.Bd2 Ne6 56.Be3 Nd8
57.Kg6 Nc6 58.Kxh5 Nxa5 59.Kg6 Nc4 60.h5 Ke6 61.h6  1-0

[Event "Catalunya-chT"]
[Site "Catalunya"]
[Date "1996.??.??"]
[Round "?"]
[White "Ubach, Marcelo"]
[Black "Bordell Rosell, Roman"]
[Result "0-1"]
[WhiteElo "2305"]
[BlackElo "2250"]

1.c4 e5 2.g3 Nf6 3.Bg2 d5 4.cxd5 Nxd5 5.Nc3 Nxc3 6.bxc3 c5 7.Nf3 Nc6 8.O-O Be7
9.Bb2 e4 10.Ne1 Bf5 11.Qc2 O-O 12.Bxe4 Bxe4 13.Qxe4 Qxd2 14.Nd3 Rad8 15.Rfd1 Qh6
16.Nf4 Bd6 17.e3 Rfe8 18.Qg2 Bxf4 19.gxf4 Qh5 20.Rdb1 Rd6 21.Kf1 Na5 22.Ke1 Nc4
23.h3 Rd2 24.Qf1 Rxe3+  0-1

[Event "Catalunya-chT"]
[Site "Catalunya"]
[Date "1996.??.??"]
[Round "?"]
[White "Bofill, Alejandro"]
[Black "Beltran, Santiago"]
[Result "1/2-1/2"]
[WhiteElo "2380"]
[BlackElo "2340"]

1.c4 e5 2.g3 f5 3.Bg2 Nf6 4.Nc3 Bb4 5.Nd5 Nxd5 6.cxd5 O-O 7.Nf3 d6 8.O-O Ba5
9.d4 e4 10.Nd2 c6 11.Qb3 Kh8 12.f3 cxd5 13.Qxd5 Nc6 14.fxe4 Nxd4 15.Nc4 Bb6
16.Nxb6 Qxb6 17.e3 Nc2 18.Rb1 Nxe3 19.Bxe3 Qxe3+ 20.Kh1 Qc5 21.Rbd1 Qxd5
22.Rxd5 Be6 23.Rxd6 Rae8 24.exf5 Bxf5 25.Rd4 Bc8 26.Rxf8+ Rxf8 27.Kg1 g6
28.Rc4 Be6 29.Ra4 Rd8 30.b3 Rd1+ 31.Kf2 Rd2+ 32.Kf1 Bd7  1/2-1/2